000 00567nam a2200193Ia 4500
003 GCL
008 140319s9999 xx 000 0 ara d
040 _aGCL /
_cGCL
082 0 4 _a810
_bط د
100 1 _aالطاهر احمد مكى
245 1 0 _aدراسة فى مصادر الادب, ط5 /
_cالطاهر احمد مكى
260 _a[S.N] :
_bدار المعارف ،
_c1980
300 _a302 ص
490 _a
650 0 4 _aالادب
650 0 4 _aالادب - تاريخ ونقد
650 0 4 _aالادب العربى - تاريخ
942 _2ddc
_cBK
999 _c53455
_d53455